| 000 | 01440nam a2200373 a 4500 | ||
|---|---|---|---|
| 001 | ebr10500227 | ||
| 003 | CaPaEBR | ||
| 006 | m u | ||
| 007 | cr cn||||||||| | ||
| 008 | 111025s2011 xnaa sb 001 0 eng d | ||
| 020 | _z9781921507342 | ||
| 020 | _z9781921507397 (e-book) | ||
| 040 |
_aCaPaEBR _cCaPaEBR |
||
| 035 | _a(OCoLC)722444328 | ||
| 043 | _au-at--- | ||
| 050 | 1 | 4 |
_aHV6626.54.A8 _bC45 2011eb |
| 245 | 0 | 0 |
_aChildren and young people at risk _h[electronic resource] / _cedited by Justin Healey. |
| 260 |
_aThirroul, N.S.W. : _bSpinney Press, _c2011. |
||
| 300 |
_a60 p. : _bcol. ill. |
||
| 490 | 1 |
_aIssues in society ; _vv. 323 |
|
| 504 | _aIncludes bibliographical references and index. | ||
| 533 |
_aElectronic reproduction. _bPalo Alto, Calif. : _cebrary, _d2011. _nAvailable via World Wide Web. _nAccess may be limited to ebrary affiliated libraries. |
||
| 650 | 0 |
_aChild abuse _zAustralia. |
|
| 650 | 0 |
_aAbused children _zAustralia. |
|
| 650 | 0 |
_aChildren _zAustralia. |
|
| 650 | 0 |
_aYouth _zAustralia. |
|
| 650 | 0 |
_aSocial work with children _zAustralia. |
|
| 650 | 0 |
_aSocial work with youth _zAustralia. |
|
| 655 | 7 |
_aElectronic books. _2local |
|
| 700 | 1 | _aHealey, Justin. | |
| 710 | 2 | _aebrary, Inc. | |
| 830 | 0 |
_aIssues in society (Balmain, N.S.W.) ; _vv. 323. |
|
| 856 | 4 | 0 |
_uhttp://site.ebrary.com/lib/rucke/Doc?id=10500227 _zAn electronic book accessible through the World Wide Web; click to view |
| 999 |
_c131280 _d131280 |
||